<?xml version="1.0" encoding="UTF-8"?>
<record
    xmlns:xsi="http://www.w3.org/2001/XMLSchema-instance"
    xsi:schemaLocation="http://www.loc.gov/MARC21/slim http://www.loc.gov/standards/marcxml/schema/MARC21slim.xsd"
    xmlns="http://www.loc.gov/MARC21/slim">

  <leader>00876nam a2200241 a 4500</leader>
  <controlfield tag="001">BRCA_2915</controlfield>
  <controlfield tag="005">20190320204028.0</controlfield>
  <controlfield tag="008">121208s1949----mx-a---###---#000-0#spa-u</controlfield>
  <datafield tag="050" ind1=" " ind2="4">
    <subfield code="a">F1231</subfield>
    <subfield code="b">.M68 1949</subfield>
  </datafield>
  <datafield tag="100" ind1="1" ind2=" ">
    <subfield code="a">Motolinia, Fray Toribio</subfield>
    <subfield code="d">1568</subfield>
    <subfield code="9">8115</subfield>
  </datafield>
  <datafield tag="245" ind1="1" ind2="0">
    <subfield code="a">Carta al Emperador</subfield>
    <subfield code="b">refutaci&#xF3;n a Las Casas sobre la colonizaci&#xF3;n espa&#xF1;ola</subfield>
    <subfield code="c">Motolinia ; introd. y notas de Jos&#xE9; Bravo Ugarte.</subfield>
  </datafield>
  <datafield tag="260" ind1=" " ind2=" ">
    <subfield code="a">M&#xE9;xico</subfield>
    <subfield code="b">Jus</subfield>
    <subfield code="c">1949</subfield>
  </datafield>
  <datafield tag="300" ind1=" " ind2=" ">
    <subfield code="a">111 p.</subfield>
    <subfield code="b">il.</subfield>
    <subfield code="c">21 cm.</subfield>
  </datafield>
  <datafield tag="500" ind1=" " ind2=" ">
    <subfield code="a">B48</subfield>
  </datafield>
  <datafield tag="600" ind1="1" ind2="4">
    <subfield code="a">Casas, Fray Bartolome de las</subfield>
    <subfield code="d">1474-1566</subfield>
    <subfield code="9">8116</subfield>
  </datafield>
  <datafield tag="651" ind1=" " ind2="4">
    <subfield code="a">M&#xE9;xico</subfield>
    <subfield code="x">Historia</subfield>
    <subfield code="9">614</subfield>
  </datafield>
  <datafield tag="700" ind1="1" ind2=" ">
    <subfield code="a">Ram&#xED;rez, Jos&#xE9; Fernando</subfield>
    <subfield code="d">1804-1871</subfield>
    <subfield code="9">8070</subfield>
  </datafield>
  <datafield tag="700" ind1="1" ind2=" ">
    <subfield code="a">Garc&#xED;a Icazbalceta, Joaqu&#xED;n</subfield>
    <subfield code="d">1825-1894</subfield>
    <subfield code="9">8117</subfield>
  </datafield>
  <datafield tag="700" ind1="1" ind2=" ">
    <subfield code="a">Carlos</subfield>
    <subfield code="b">I,</subfield>
    <subfield code="c">Rey de Espa&#xF1;a y V emperador de Alemania,</subfield>
    <subfield code="d">1500-1558</subfield>
    <subfield code="9">8118</subfield>
  </datafield>
  <datafield tag="700" ind1="1" ind2=" ">
    <subfield code="a">Bravo Ugarte, Jos&#xE9;</subfield>
    <subfield code="e">ed</subfield>
    <subfield code="9">8119</subfield>
  </datafield>
  <datafield tag="902" ind1=" " ind2=" ">
    <subfield code="a">GFM</subfield>
  </datafield>
  <datafield tag="942" ind1=" " ind2=" ">
    <subfield code="2">lcc</subfield>
    <subfield code="c">B</subfield>
  </datafield>
  <datafield tag="999" ind1=" " ind2=" ">
    <subfield code="c">2654</subfield>
    <subfield code="d">2654</subfield>
  </datafield>
  <datafield tag="952" ind1=" " ind2=" ">
    <subfield code="0">0</subfield>
    <subfield code="1">0</subfield>
    <subfield code="4">0</subfield>
    <subfield code="7">0</subfield>
    <subfield code="a">BRCA</subfield>
    <subfield code="b">BRCA</subfield>
    <subfield code="d">2008-12-12</subfield>
    <subfield code="i">B48</subfield>
    <subfield code="l">0</subfield>
    <subfield code="o">F1231 .M68 1949 (B48)</subfield>
    <subfield code="p">2912</subfield>
    <subfield code="r">2019-03-22 00:00:00</subfield>
    <subfield code="w">2019-03-22</subfield>
    <subfield code="y">B</subfield>
  </datafield>
</record>
